000 00382nam a2200145Ia 4500
008 150201s2000 xx 000 0 und d
082 _a603
_bL2003D
100 _aPEARSON EDUCATION
245 _aLONGMAN HANDY LEARNERS DICTIONARY
250 _aIST
260 _bPEARSON EDUCATION LIMITED
_aEDINBURGH (ENGLAND)
_c2000
300 _a1-563
650 _aDICTIONARIES
942 _2ddc
_cBK
999 _c2721
_d2721